000 00432cam a22001217a 4500
008 180718b1968 xxu||||| |||| 00| 0 eng d
082 _aA81x54 In2/61/12/Pt6/6
100 _aCensus of India 1961
245 _aOrissa: a monograph on village Daanla in Sadar subdivision of district, Keenjhar
260 _aDelhi
_bThe Manager of Publications
_c1968
300 _a66+p.
440 _aCensus of India 1961. Volume-XII, Orissa. Part VI-No.6
999 _c484061
_d484061